Countries by City #3 - Statistics

General Stats
  • This quiz has been taken 14 times
  • The average score is 9 of 15
Answer Stats
City Country % Correct
Guadalajara Mexico
92%
Nassau The Bahamas
92%
Topeka United States of America
77%
Manama Bahrain
69%
Cali Colombia
69%
Dammam Saudi Arabia
69%
Shiraz Iran
62%
Bursa Turkey
62%
Shiyan China
46%
Tyumen Russia
46%
Samsun Turkey
46%
Al Ain United Arab Emirates
46%
Salalah Oman
38%
Barrie Canada
31%
Tacna Peru
23%
No matching quizzes found
Score Distribution
Percent of People with Each Score
Percentile by Number Answered
Your Score History
You have not taken this quiz